Dewey Decimal System Main Subjects - Statistics

General Stats
  • This quiz has been taken 7 times
  • The average score is 8 of 10
Answer Stats
Hint Answer % Correct
900-999 History/Geography
100%
700-799 Literature
100%
500-599 Science
100%
100-199 Philosophy
86%
200-299 Religion
86%
001-099 General
71%
400-499 Languages
71%
300-399 Social Science
71%
800-899 Arts
57%
600-699 Technology
57%
No matching quizzes found
Score Distribution
Percent of People with Each Score
Percentile by Number Answered
Your Score History
You have not taken this quiz